La misión Lavalle. Memoria de Prueba

Guardat en:
Dades bibliogràfiques
Autor principal: Ríos Valdivia, Alejandro (Autor)
Format: Llibre
Idioma:espanyol
Publicat: Santiago s. n 1923
Edició:1a. ed
Matèries:
Etiquetes: Afegir etiqueta
Sense etiquetes, Sigues el primer a etiquetar aquest registre!

MARC

LEADER 00000nam a2200000 a 4500
001 UCJ8604
003 CL-VaPUC
008 070124e19230000CL |||||||||||||||||spa|d
082 0 4 |a 983  |b RIO  |2 21 
100 0 |a Ríos Valdivia, Alejandro  |e author  |9 517456 
245 1 3 |a La misión Lavalle. Memoria de Prueba 
250 |a 1a. ed 
300 |a 302 p 
942 |c BK 
945 |d 20070124 00:00:00  |a rinostro 
260 |a Santiago  |b s. n  |c 1923 
600 0 |a Lavalle, José Antonio de   |d 1833-1893  |q Lavalle y Arias de Saavedra, José Antonio de   |9 517457 
650 0 |a Historia de Chile  |9 265473 
650 0 |a Guerra del Pacífico  |9 314886 
650 0 |a Diplomacia  |9 256483 
650 0 |a Tratados internacionales   |9 256056 
583 |a last modification  |c 20070124 00:00:00  |k Rodrigo Vera 
999 |c 324274  |d 324272 
952 |0 0  |1 0  |4 0  |6 983_000000000000000_RIO_1923  |7 0  |8 X  |9 404306  |a FDOBUD  |b FDOBUD  |d 2019-11-22  |i 1080377  |o 983 RIO 1923  |p 1080377  |r 2019-11-22  |w 2019-11-22  |y BK_X  |k BUD